000 00707nam a2200241 i 4500
003 DO-SdBNP
005 20240409154959.0
007 ta
008 240409b2023 dr ||||| |||| 00| 0 spa d
020 _a9789945223088
040 _aDO-SdBNP
_bspa
_cBNPHU
_erda
082 4 _222
100 1 _aCéspedes, Diógenes,
_d1941-
_920548
_eautor
245 1 0 _aNovelistas orientales imposibles y reales /
_cDiógenes Céspedes
264 _aSAnto Domingo :
_bAlto Velo,
_c2023.
300 _a138 páginas ;
_c22 cm.
336 _2rdacontent
_atexto
_btxt
337 _2rdamedia
_asin mediación
_bn
338 _2rdacarrier
_avolumen
_bnc
590 _aInventariado, 2024/BT
910 _aBtavárez
942 _2ddc
_cLBS1
999 _c56315
_d56315